header

Albert Ellis live! (Record no. 54000)

MARC details
000 -LEADER
fixed length control field 01281nam a2200325 a 4500
082 04 - DEWEY DECIMAL CLASSIFICATION NUMBER
Classification number 616.89/14
100 1# - MAIN ENTRY--AUTHOR NAME
Personal name Dryden, Windy.
245 10 - TITLE STATEMENT
Title Albert Ellis live!
260 ## - PUBLICATION, DISTRIBUTION, ETC. (IMPRINT)
Place of publication London ;
-- Thousand Oaks, Calif. :
Name of publisher SAGE Publications,
Year of publication 2003.
300 ## - PHYSICAL DESCRIPTION
Number of Pages x, 150 p.
650 #0 - SUBJECT ADDED ENTRY--TOPICAL TERM
Topical Term Rational emotive behavior therapy.
Topical Term Rational emotive behavior therapy
Topical Term Rational emotive behavior therapy
700 1# - ADDED ENTRY--PERSONAL NAME
Personal name Ellis, Albert.
856 40 - ELECTRONIC LOCATION AND ACCESS
Uniform Resource Identifier http://site.ebrary.com/lib/rucke/Doc?id=10076761

No items available.

© 2026 Rongo University
Contact us: librarian | system librarian | Rongo university